Dios demostrable?
Salvato in:
| Autore principale: | |
|---|---|
| Natura: | Libro |
| Lingua: | spagnolo |
| Pubblicazione: |
Barcelona
Herder
1971
|
| Serie: | Biblioteca Herder. Sección de Teología y Filosofía, 121
|
| Soggetti: | |
| Tags: |
Aggiungi Tag
Nessun Tag, puoi essere il primo ad aggiungerne!!
|
MARC
| LEADER | 00000nam a2200000 a 4500 | ||
|---|---|---|---|
| 001 | UCZ2343 | ||
| 003 | CL-VaPUC | ||
| 008 | 950929e19710000SP |||||||||||||||||spa|d | ||
| 082 | 0 | 4 | |a 210 |b JAV |2 21 |
| 100 | 0 | |a Javaux, J |e author |9 346110 | |
| 245 | 1 | 0 | |a Dios demostrable? |
| 300 | |a 445 p | ||
| 942 | |c BK | ||
| 945 | |d 19950929 00:00:00 |a lriquelm | ||
| 260 | |a Barcelona |b Herder |c 1971 | ||
| 650 | 0 | |a Teología |9 258766 | |
| 650 | 0 | |a Filosofía de la religión |9 256017 | |
| 650 | 0 | |a Conceptos morales |9 310606 | |
| 650 | 0 | |a Cosmología |9 269138 | |
| 650 | 0 | |a Metafísica |9 265649 | |
| 583 | |a last modification |c 19950929 00:00:00 |k Rodrigo Vera | ||
| 490 | 0 | |a Biblioteca Herder. Sección de Teología y Filosofía, 121 | |
| 999 | |c 238969 |d 238967 | ||
| 952 | |0 0 |1 0 |4 0 |6 210_000000000000000_JAV_1971 |7 0 |8 A |9 249693 |a BIBEDU |b BIBEDU |d 2019-11-18 |i 1567268 |o 210 JAV 1971 |p 1567268 |r 2019-11-18 |w 2019-11-18 |y BK |k FIL | ||
| 952 | |0 0 |1 0 |4 0 |6 210_000000000000000_JAV_1971 |7 0 |8 A |9 249694 |a BIBTEO |b BIBTEO |d 2019-11-18 |i 2080567 |o 210 JAV 1971 |p 2080567 |r 2025-01-17 |w 2019-11-18 |y BK |k ICR | ||
| 952 | |0 0 |1 0 |4 0 |6 210_000000000000000_JAV_1971 |7 0 |8 A |9 249695 |a BIBTEO |b BIBTEO |d 2019-11-18 |i 3370461 |o 210 JAV 1971 |p 3370461 |r 2025-01-17 |w 2019-11-18 |y BK |k ICR | ||